[Event "119th Scottish Championship"]
[Site "Glasgow"]
[Date "2012.07.14"]
[Round "9"]
[White "Bryson, Douglas M"]
[Black "Das, Arghyadip"]
[Result "1/2-1/2"]
[WhiteElo "2350"]
[BlackElo "2485"]
[PlyCount "91"]
[EventDate "2012.07.07"]
[EventType "swiss"]
[EventRounds "9"]
[EventCountry "SCO"]
[Source "Chess Scotland"]
[SourceDate "2012.07.24"]

1. e4 e6 2. d4 d5 3. Nc3 Bb4 4. e5 c5 5. a3 Bxc3+ 6. bxc3 Ne7 7. Qg4 Kf8 8. Bd2
Qc7 9. Bd3 b6 10. Nf3 Ba6 11. O-O h6 12. dxc5 bxc5 13. Bxa6 Nxa6 14. c4 d4 15.
Rab1 Qc6 16. Rb5 Kg8 17. Rfb1 Kh7 18. Ne1 Rhf8 19. Nd3 Nc8 20. Ra5 Rb8 21. Rxb8
Nxb8 22. Rxc5 Qa4 23. Qe4+ Kg8 24. Ne1 Qxa3 25. Rb5 Nd7 26. Bb4 Qa1 27. Bxf8
Nxf8 28. Rb8 Nb6 29. g3 Nxc4 30. Kg2 Ne3+ 31. fxe3 Qxe1 32. Qf3 dxe3 33. Rd8
Qc3 34. Qe2 Qxe5 35. Rd3 Qe4+ 36. Kg1 Qc6 37. Rxe3 Nd7 38. Rd3 Nf6 39. Rd8+ Kh7
40. Qd3+ Ne4 41. Rd7 Qb6+ 42. Qd4 Qb1+ 43. Qd1 Qb5 44. Qd3 Qb1+ 45. Qd1 Qb5 46.
Qd3 1/2-1/2

[Event "119th Scottish Championship"]
[Site "Glasgow"]
[Date "2012.07.14"]
[Round "9"]
[White "McNab, Colin Anderson"]
[Black "Brown, Martin"]
[Result "1/2-1/2"]
[WhiteElo "2445"]
[BlackElo "2224"]
[PlyCount "92"]
[EventDate "2012.07.07"]
[EventType "swiss"]
[EventRounds "9"]
[EventCountry "SCO"]
[Source "Chess Scotland"]
[SourceDate "2012.07.24"]

1. c4 Nf6 2. Nf3 g6 3. b4 a5 4. b5 Bg7 5. Bb2 d6 6. d4 Nbd7 7. e3 b6 8. Be2 Bb7
9. O-O O-O 10. Nc3 Ne4 11. Rc1 Nxc3 12. Bxc3 Re8 13. Qd2 e6 14. Bb2 Qe7 15. Ba3
Rad8 16. Qc2 Bf8 17. Nd2 e5 18. Bf3 Bxf3 19. Nxf3 e4 20. Nd2 f5 21. Nb3 Qf7 22.
c5 a4 23. Nd2 dxc5 24. Nc4 cxd4 25. exd4 Qd5 26. Bxf8 Nxf8 27. Ne5 Ne6 28. Nc6
Nxd4 29. Nxd4 Qxd4 30. Rfd1 Qe5 31. Qxa4 f4 32. Qc4+ Kh8 33. Re1 Re7 34. Qc3
Rd4 35. g3 g5 36. a4 e3 37. fxe3 fxe3 38. Rc2 Rxa4 39. Rxe3 Qxc3 40. Rexc3 Rb4
41. Rxc7 Rxc7 42. Rxc7 Rxb5 43. Kf2 Kg8 44. Ke3 Rb2 45. Rb7 b5 46. Ke4 Rxh2
1/2-1/2

[Event "119th Scottish Championship"]
[Site "Glasgow"]
[Date "2012.07.14"]
[Round "9"]
[White "McKay, Roderick M"]
[Black "Lindner, Daniel"]
[Result "1/2-1/2"]
[WhiteElo "2376"]
[BlackElo "2198"]
[PlyCount "32"]
[EventDate "2012.07.07"]
[EventType "swiss"]
[EventRounds "9"]
[EventCountry "SCO"]
[Source "Chess Scotland"]
[SourceDate "2012.07.24"]

1. d4 Nf6 2. Nf3 g6 3. Bf4 Bg7 4. e3 d6 5. h3 b6 6. Be2 Bb7 7. O-O O-O 8. c4 c5
9. Nc3 cxd4 10. exd4 d5 11. Rc1 Nc6 12. Be5 dxc4 13. Bxc4 Bh6 14. Ra1 Na5 15.
Bb3 Nxb3 16. axb3 Nd5 1/2-1/2

[Event "119th Scottish Championship"]
[Site "Glasgow"]
[Date "2012.07.14"]
[Round "9"]
[White "De Verdier, Michael"]
[Black "Rysbaeva, Korlan"]
[Result "1-0"]
[WhiteElo "2352"]
[BlackElo "2057"]
[PlyCount "57"]
[EventDate "2012.07.07"]
[EventType "swiss"]
[EventRounds "9"]
[EventCountry "SCO"]
[Source "Chess Scotland"]
[SourceDate "2012.07.24"]

1. c4 c5 2. g3 Nf6 3. Bg2 d5 4. cxd5 Nxd5 5. Nc3 Nc7 6. Nf3 Nc6 7. O-O e5 8. a3
Be7 9. b4 cxb4 10. axb4 Bxb4 11. Nxe5 Nxe5 12. Qa4+ Nc6 13. Bxc6+ bxc6 14. Qxb4
Qe7 15. Qa5 c5 16. Ba3 Na6 17. d4 O-O 18. dxc5 Qe5 19. Rac1 Nc7 20. Qa4 Bh3 21.
Rfd1 Rfd8 22. Rxd8+ Rxd8 23. Qh4 Ne6 24. Qxh3 Nxc5 25. Bxc5 Qxc5 26. Rd1 Rb8
27. Qd7 h6 28. Qd4 Qa3 29. Qd6 1-0

[Event "119th Scottish Championship"]
[Site "Glasgow"]
[Date "2012.07.14"]
[Round "9"]
[White "Tate, Alan"]
[Black "Noordhoek, Henk"]
[Result "1-0"]
[WhiteElo "2346"]
[BlackElo "2095"]
[PlyCount "67"]
[EventDate "2012.07.07"]
[EventType "swiss"]
[EventRounds "9"]
[EventCountry "SCO"]
[Source "Chess Scotland"]
[SourceDate "2012.07.24"]

1. d4 Nf6 2. c4 g6 3. f3 d5 4. cxd5 Nxd5 5. e4 Nb6 6. Nc3 Bg7 7. Be3 O-O 8. Qd2
f5 9. e5 Be6 10. O-O-O Nd5 11. Nh3 Qc8 12. Nf4 Nxf4 13. Bxf4 c6 14. h4 h5 15.
Bd3 Kh7 16. Rdg1 Na6 17. g4 Nb4 18. gxh5 Nxd3+ 19. Qxd3 gxh5 20. Kb1 Qd7 21.
Rh3 Rg8 22. Rhg3 Bh8 23. Rg5 Rxg5 24. Rxg5 Bf7 25. Ne4 Qe6 26. Rxh5+ Kg8 27.
Rg5+ Bg7 28. Nc3 Qh6 29. e6 Bxe6 30. Be5 Qxh4 31. Rxg7+ Kf8 32. Qf1 Ke8 33. Rg1
Kd7 34. Na4 1-0

[Event "119th Scottish Championship"]
[Site "Glasgow"]
[Date "2012.07.14"]
[Round "9"]
[White "MacQueen, Calum"]
[Black "Berry, Neil"]
[Result "0-1"]
[WhiteElo "2233"]
[BlackElo "2254"]
[PlyCount "32"]
[EventDate "2012.07.07"]
[EventType "swiss"]
[EventRounds "9"]
[EventCountry "SCO"]
[Source "Chess Scotland"]
[SourceDate "2012.07.24"]

1. e4 e5 2. Ne2 Nf6 3. f4 exf4 4. Nxf4 Nc6 5. Bc4 Bc5 6. c3 Nxe4 7. Qe2 O-O 8.
d4 Qh4+ 9. Kf1 Ng3+ 10. hxg3 Qxh1+ 11. Kf2 Qxc1 12. dxc5 d6 13. cxd6 cxd6 14.
Nd3 Qh1 15. Nd2 Qxa1 16. Nf3 Bg4 0-1

[Event "119th Scottish Championship"]
[Site "Glasgow"]
[Date "2012.07.14"]
[Round "9"]
[White "McClement, Andrew"]
[Black "Orr, Mark J L"]
[Result "1-0"]
[WhiteElo "2075"]
[BlackElo "2260"]
[PlyCount "81"]
[EventDate "2012.07.07"]
[EventType "swiss"]
[EventRounds "9"]
[EventCountry "SCO"]
[Source "Chess Scotland"]
[SourceDate "2012.07.24"]

1. e4 c5 2. Nf3 Nc6 3. d4 cxd4 4. Nxd4 g6 5. Nc3 Bg7 6. Be3 Nf6 7. Bc4 O-O 8.
Bb3 Qa5 9. f3 d6 10. Qd2 Nxd4 11. Bxd4 Be6 12. O-O-O b5 13. Kb1 b4 14. Nd5 Bxd5
15. exd5 Qb5 16. Rhe1 a5 17. Qe2 Qxe2 18. Rxe2 a4 19. Bc4 Rfc8 20. b3 Kf8 21.
Bb5 axb3 22. cxb3 Rcb8 23. Bc6 Ra5 24. Bf2 Ne8 25. Re4 Bc3 26. Rc4 Nc7 27. a4
Na8 28. Rd3 Nb6 29. Re4 Nc8 30. Bd4 Na7 31. Bxc3 bxc3 32. Rxc3 Rc5 33. Kb2 Nxc6
34. Rxc5 dxc5 35. dxc6 Rc8 36. Rc4 Rxc6 37. b4 Ra6 38. b5 Ra8 39. Kb3 Rc8 40.
b6 Ke8 41. Rxc5 1-0

[Event "119th Scottish Championship"]
[Site "Glasgow"]
[Date "2012.07.14"]
[Round "9"]
[White "Enchev, Ivajlo"]
[Black "McKenna, Jason P"]
[Result "1-0"]
[WhiteElo "2413"]
[BlackElo "2115"]
[PlyCount "65"]
[EventDate "2012.07.07"]
[EventType "swiss"]
[EventRounds "9"]
[EventCountry "SCO"]
[Source "Chess Scotland"]
[SourceDate "2012.07.24"]

1. d4 g6 2. c4 Bg7 3. e4 d6 4. Nc3 Nf6 5. Nf3 O-O 6. Be2 e5 7. O-O Nc6 8. d5
Ne7 9. Ne1 Nd7 10. f3 f5 11. g4 Kh8 12. h4 Ng8 13. g5 f4 14. Kg2 h6 15. Rh1 Rf7
16. Nd3 Bf8 17. Qg1 Rh7 18. Kf1 hxg5 19. hxg5 Rxh1 20. Qxh1+ Kg7 21. Qh4 Be7
22. Nxf4 exf4 23. Bxf4 Ne5 24. Be3 c5 25. f4 Nd7 26. Kg2 Nf8 27. Rf1 a6 28. Bd3
b5 29. f5 bxc4 30. f6+ Nxf6 31. gxf6+ Bxf6 32. Bh6+ Kf7 33. Bg5 1-0

[Event "119th Scottish Championship"]
[Site "Glasgow"]
[Date "2012.07.14"]
[Round "9"]
[White "Lagerman, Robert"]
[Black "Buchanan, Walter F"]
[Result "1-0"]
[WhiteElo "2315"]
[BlackElo "2127"]
[PlyCount "65"]
[EventDate "2012.07.07"]
[EventType "swiss"]
[EventRounds "9"]
[EventCountry "SCO"]
[Source "Chess Scotland"]
[SourceDate "2012.07.24"]

1. e4 e6 2. d4 d5 3. Nd2 Nc6 4. Ngf3 Nf6 5. e5 Nd7 6. Bd3 Nb4 7. Be2 c5 8. c3
Nc6 9. Bd3 Qb6 10. O-O cxd4 11. cxd4 Nxd4 12. Nxd4 Qxd4 13. Nf3 Qb6 14. Qa4 Be7
15. a3 O-O 16. Be3 Qc7 17. Rac1 Nxe5 18. Nxe5 Qxe5 19. Bf4 Qxb2 20. Rc7 Qxa3
21. Qc2 Bf6 22. Bxh7+ Kh8 23. Rd1 e5 24. Bc1 Qd6 25. Rc3 b5 26. Be4 Be6 27.
Rxd5 Qb4 28. Rdd3 Rfc8 29. Bxa8 Rxa8 30. Rh3+ Bxh3 31. Rxh3+ Kg8 32. Qh7+ Kf8
33. Ba3 1-0

[Event "119th Scottish Championship"]
[Site "Glasgow"]
[Date "2012.07.14"]
[Round "9"]
[White "Magee, Ronan"]
[Black "Green, Andrew"]
[Result "1/2-1/2"]
[WhiteElo "1965"]
[BlackElo "2144"]
[PlyCount "30"]
[EventDate "2012.07.07"]
[EventType "swiss"]
[EventRounds "9"]
[EventCountry "SCO"]
[Source "Chess Scotland"]
[SourceDate "2012.07.24"]

1. e4 d6 2. d4 Nf6 3. Nc3 e5 4. dxe5 dxe5 5. Qxd8+ Kxd8 6. Bg5 Be6 7. O-O-O+
Kc8 8. f4 exf4 9. Nf3 Nbd7 10. Bxf4 Bb4 11. Nd5 Ba5 12. Nxf6 Nxf6 13. Bd3 Nh5
14. Be3 Bb6 15. Bd2 h6 1/2-1/2

[Event "119th Scottish Championship"]
[Site "Glasgow"]
[Date "2012.07.14"]
[Round "9"]
[White "Giulian, Philip M"]
[Black "O'Donnell, Conor"]
[Result "1-0"]
[WhiteElo "2285"]
[BlackElo "1939"]
[PlyCount "81"]
[EventDate "2012.07.07"]
[EventType "swiss"]
[EventRounds "9"]
[EventCountry "SCO"]
[Source "Chess Scotland"]
[SourceDate "2012.07.24"]

1. d4 Nf6 2. c4 e6 3. Nf3 Bb4+ 4. Nbd2 b6 5. a3 Bxd2+ 6. Qxd2 Bb7 7. e3 d6 8.
Be2 O-O 9. O-O Nbd7 10. b4 Ne4 11. Qc2 f5 12. d5 exd5 13. Nd4 Qe7 14. cxd5 Bxd5
15. f3 Ng5 16. Nxf5 Qe5 17. e4 Rxf5 18. exd5 Nf7 19. Bb2 Qe3+ 20. Kh1 Rh5 21.
f4 Rh6 22. Rf3 Qe7 23. Qc3 Nf6 24. Bb5 Nd8 25. Re1 Qf7 26. Rfe3 Nb7 27. Bc6 Rb8
28. Bxb7 Rxb7 29. Qc6 Rb8 30. Re7 Qh5 31. h3 Rc8 32. Rxg7+ Kxg7 33. Qd7+ Kg6
34. Qxc8 Qxd5 35. Bxf6 Kxf6 36. Qd8+ Kg6 37. Qe8+ Kf5 38. Qd7+ Kf6 39. Qe7+ Kg6
40. Re6+ Kh5 41. Qf7+ 1-0

[Event "119th Scottish Championship"]
[Site "Glasgow"]
[Date "2012.07.14"]
[Round "9"]
[White "Swan, Iain"]
[Black "McKerracher, Douglas"]
[Result "1/2-1/2"]
[WhiteElo "2259"]
[BlackElo "2030"]
[PlyCount "25"]
[EventDate "2012.07.07"]
[EventType "swiss"]
[EventRounds "9"]
[EventCountry "SCO"]
[Source "Chess Scotland"]
[SourceDate "2012.07.24"]

1. e4 d5 2. exd5 Qxd5 3. Nc3 Qa5 4. d4 Nf6 5. Bc4 Bg4 6. f3 Bf5 7. g4 Bg6 8.
Bd2 Qb6 9. Nge2 e6 10. O-O c6 11. Bb3 Nbd7 12. Be3 Bd6 13. Qd2 1/2-1/2

[Event "119th Scottish Championship"]
[Site "Glasgow"]
[Date "2012.07.14"]
[Round "9"]
[White "Grant, Alan G"]
[Black "Bannink, Bernard"]
[Result "1/2-1/2"]
[WhiteElo "2155"]
[BlackElo "2258"]
[PlyCount "115"]
[EventDate "2012.07.07"]
[EventType "swiss"]
[EventRounds "9"]
[EventCountry "SCO"]
[Source "Chess Scotland"]
[SourceDate "2012.07.24"]

1. d4 d5 2. Bf4 Nf6 3. e3 c5 4. Nc3 e6 5. Nb5 Na6 6. Nf3 Be7 7. Be2 O-O 8. O-O
Nh5 9. Bg3 Nxg3 10. hxg3 Bf6 11. a4 b6 12. c3 Nc7 13. Nxc7 Qxc7 14. b4 a5 15.
b5 Bb7 16. Qd2 Rac8 17. Rac1 Qd6 18. Rfd1 Rc7 19. Ne1 cxd4 20. cxd4 Rfc8 21.
Nd3 Qa3 22. Rxc7 Rxc7 23. Rc1 Rc4 24. Nb2 Rxc1+ 25. Qxc1 Bd8 26. Qc2 Qd6 27. f4
Qc7 28. Qxc7 Bxc7 29. Bf3 f6 30. Nd3 Kf7 31. Kf2 h6 32. Bd1 Ke7 33. Bh5 Bc8 34.
Bf3 Bd7 35. Bh5 g5 36. Kf1 e5 37. fxe5 fxe5 38. g4 exd4 39. exd4 Kf6 40. Nb2
Be6 41. Nd1 Bg8 42. Nc3 Bd6 43. Ke2 Bb4 44. Na2 Be7 45. Nc3 Ba3 46. Be8 Bb2 47.
Kd2 Bxc3+ 48. Kxc3 Bf7 49. Bd7 Ke7 50. Bc8 Bg6 51. Kd2 Kf7 52. Bd7 Kf6 53. Bc8
Be8 54. g3 Bg6 55. Bd7 Be4 56. Be8 Bg2 57. Ke2 Bh3 58. Kf3 1/2-1/2

[Event "119th Scottish Championship"]
[Site "Glasgow"]
[Date "2012.07.14"]
[Round "9"]
[White "Mitchell, Martin"]
[Black "Kleboe, Jim PR"]
[Result "1-0"]
[WhiteElo "2217"]
[BlackElo "1866"]
[PlyCount "51"]
[EventDate "2012.07.07"]
[EventType "swiss"]
[EventRounds "9"]
[EventCountry "SCO"]
[Source "Chess Scotland"]
[SourceDate "2012.07.24"]

1. d4 c6 2. c4 Nf6 3. Nc3 d5 4. cxd5 cxd5 5. Nf3 Nc6 6. Bf4 a6 7. Rc1 e6 8. e3
Be7 9. Bd3 Nh5 10. Be5 Nxe5 11. dxe5 g6 12. O-O Bd7 13. Nd4 O-O 14. Qb3 Qb8 15.
f4 b5 16. Nce2 Qb6 17. g4 Ng7 18. f5 gxf5 19. gxf5 Bg5 20. f6 Bxe3+ 21. Kh1 Nf5
22. Bxf5 exf5 23. Qxe3 Kh8 24. Rf4 Rg8 25. Rh4 Rg6 26. Qh3 1-0

[Event "119th Scottish Championship"]
[Site "Glasgow"]
[Date "2012.07.14"]
[Round "9"]
[White "Bea, Boglarka"]
[Black "Marks, Ian A"]
[Result "0-1"]
[WhiteElo "2178"]
[BlackElo "1914"]
[PlyCount "56"]
[EventDate "2012.07.07"]
[EventType "swiss"]
[EventRounds "9"]
[EventCountry "SCO"]
[Source "Chess Scotland"]
[SourceDate "2012.07.24"]

1. e4 d6 2. d4 Nf6 3. Nc3 c6 4. f4 Qa5 5. Bd3 e5 6. Be3 Ng4 7. Qd2 Nxe3 8. Qxe3
Qb6 9. Nge2 Be7 10. O-O-O Bf6 11. Bc4 Bg4 12. Qg3 exd4 13. Qxg4 dxc3 14. Nxc3
O-O 15. Rxd6 Bxc3 16. bxc3 Qc5 17. Rd4 b5 18. Bf1 Qxc3 19. Rd3 Qa1+ 20. Kd2 Re8
21. e5 Na6 22. Rg3 g6 23. h4 Rad8+ 24. Bd3 Qxh1 25. h5 Nc5 26. hxg6 Ne4+ 27.
Ke3 Qe1+ 28. Be2 Qxg3+ 0-1

[Event "119th Scottish Championship"]
[Site "Glasgow"]
[Date "2012.07.14"]
[Round "9"]
[White "Bhopal, Raj"]
[Black "Villwock, Martin"]
[Result "1-0"]
[WhiteElo "1808"]
[BlackElo "2176"]
[PlyCount "100"]
[EventDate "2012.07.07"]
[EventType "swiss"]
[EventRounds "9"]
[EventCountry "SCO"]
[Source "Chess Scotland"]
[SourceDate "2012.07.24"]

1. d4 Nf6 2. Nf3 e6 3. Bf4 b6 4. e3 Bb7 5. h3 d6 6. Bd3 Nbd7 7. O-O Qe7 8. Bh2
e5 9. e4 g6 10. Nc3 a6 11. Re1 Bg7 12. Nd5 Nxd5 13. exd5 O-O 14. c4 f5 15. Qd2
h6 16. dxe5 dxe5 17. Nd4 Nc5 18. b4 Nxd3 19. Qxd3 e4 20. Qd2 Rad8 21. Rab1 b5
22. Qe3 Rf6 23. Ne6 Rxe6 24. dxe6 bxc4 25. Qc5 Qxe6 26. Rbd1 Rd3 27. Bf4 g5 28.
Rxd3 cxd3 29. Be3 f4 30. Bd4 Bf8 31. Qxc7 e3 32. Bc3 Qd5 33. f3 d2 34. Ra1
d1=Q+ 35. Rxd1 Qxd1+ 36. Kh2 Qd5 37. Qb6 Qf7 38. Qd4 Bg7 39. Qd8+ Kh7 40. Qd3+
Kg8 41. Bxg7 Kxg7 42. Qd4+ Kg6 43. Qd3+ Kh5 44. a4 Qe6 45. Qe2 Bd5 46. g4+
fxg3+ 47. Kxg3 Bc4 48. Qe1 Qd6+ 49. f4 Qxf4+ 50. Kg2 Bd5+ 1-0

[Event "119th Scottish Championship"]
[Site "Glasgow"]
[Date "2012.07.14"]
[Round "9"]
[White "McGowan, Daniel"]
[Black "Kelly, J Steven"]
[Result "1/2-1/2"]
[WhiteElo "2101"]
[BlackElo "1889"]
[PlyCount "27"]
[EventDate "2012.07.07"]
[EventType "swiss"]
[EventRounds "9"]
[EventCountry "SCO"]
[Source "Chess Scotland"]
[SourceDate "2012.07.24"]

1. e4 c5 2. c3 d5 3. exd5 Qxd5 4. d4 Nf6 5. Nf3 e6 6. Be2 cxd4 7. cxd4 Nc6 8.
O-O Be7 9. Nc3 Qd6 10. Nb5 Qd8 11. Ne5 a6 12. Nxc6 bxc6 13. Nc3 Nd5 14. Bf3
1/2-1/2

[Event "119th Scottish Championship"]
[Site "Glasgow"]
[Date "2012.07.14"]
[Round "9"]
[White "Grove, Michael"]
[Black "Vincenti, David"]
[Result "0-1"]
[WhiteElo "1955"]
[BlackElo "2091"]
[PlyCount "92"]
[EventDate "2012.07.07"]
[EventType "swiss"]
[EventRounds "9"]
[EventCountry "SCO"]
[Source "Chess Scotland"]
[SourceDate "2012.07.24"]

1. e4 c5 2. Nf3 e6 3. d4 cxd4 4. Nxd4 a6 5. Nc3 b5 6. Bd3 Qb6 7. Nb3 Qc7 8. Be3
Bb7 9. O-O Nf6 10. f4 b4 11. Na4 Bxe4 12. Nb6 Ra7 13. Nc4 Bxd3 14. Qxd3 Rb7 15.
Bd4 d5 16. Ne3 Bd6 17. Bxf6 gxf6 18. Rae1 O-O 19. Ng4 Nd7 20. f5 Be5 21. Qh3
Kh8 22. Rxe5 fxe5 23. Qh6 exf5 24. Rxf5 Qb6+ 25. Qxb6 Rxb6 26. Nxe5 Nxe5 27.
Rxe5 Rd8 28. Nd4 Kg7 29. g4 Rd7 30. Kf2 f6 31. Nf5+ Kf7 32. Re3 Rc6 33. Nd4 Rc4
34. Rd3 Rdc7 35. Rd2 Kg6 36. Ke3 Re7+ 37. Kf3 Re4 38. Ne2 Rxg4 39. Rxd5 h5 40.
c3 bxc3 41. bxc3 Rg5 42. Rd6 Rf5+ 43. Ke3 Ra4 44. Rd2 Re5+ 45. Kd3 Rea5 46. Nc1
Rd5+ 0-1

[Event "119th Scottish Championship"]
[Site "Glasgow"]
[Date "2012.07.14"]
[Round "9"]
[White "Will, Douglas"]
[Black "Bolt, Graham"]
[Result "1-0"]
[WhiteElo "1923"]
[BlackElo "2071"]
[PlyCount "75"]
[EventDate "2012.07.07"]
[EventType "swiss"]
[EventRounds "9"]
[EventCountry "SCO"]
[Source "Chess Scotland"]
[SourceDate "2012.07.24"]

1. e4 g6 2. Nc3 Bg7 3. f4 e6 4. Nf3 c5 5. Nb5 d5 6. e5 Bf8 7. b3 a6 8. Nd6+
Bxd6 9. exd6 Qxd6 10. Bb2 f6 11. Bd3 Nc6 12. O-O Bd7 13. Qe2 Nb4 14. Ng5 Nxd3
15. Qxd3 d4 16. Ne4 Qc7 17. Rae1 O-O-O 18. a4 f5 19. Nxc5 Qxc5 20. Bxd4 Bb5 21.
Bxc5 Bxd3 22. cxd3 Rxd3 23. Rxe6 Nh6 24. Rfe1 Rdd8 25. Rb6 Rd7 26. Rd6 Rxd6 27.
Bxd6 Nf7 28. Be5 Nxe5 29. fxe5 Re8 30. d4 Re6 31. Kf2 Rb6 32. Re3 Kd7 33. d5
Rb4 34. e6+ Kd6 35. Rd3 Ke7 36. d6+ Kd8 37. Rc3 Ke8 38. Rc8# 1-0

[Event "119th Scottish Championship"]
[Site "Glasgow"]
[Date "2012.07.14"]
[Round "9"]
[White "Brunello, Roberta"]
[Black "Sigurdarson, Emil"]
[Result "1/2-1/2"]
[WhiteElo "1982"]
[BlackElo "1808"]
[PlyCount "114"]
[EventDate "2012.07.07"]
[EventType "swiss"]
[EventRounds "9"]
[EventCountry "SCO"]
[Source "Chess Scotland"]
[SourceDate "2012.07.24"]

1. e4 c6 2. d4 d5 3. e5 Bf5 4. Nf3 e6 5. Be2 c5 6. c3 Nc6 7. O-O Qb6 8. dxc5
Bxc5 9. b4 Be7 10. Be3 Qc7 11. Na3 a6 12. Qa4 Rc8 13. Rac1 f6 14. Bf4 Qd7 15.
b5 Na7 16. c4 Bc5 17. cxd5 exd5 18. exf6 gxf6 19. Be3 Bxe3 20. Rxc8+ Nxc8 21.
fxe3 Nge7 22. Qh4 Qd6 23. bxa6 bxa6 24. Nd4 Qxa3 25. Nxf5 Nxf5 26. Qh5+ Ke7 27.
Qxf5 Qxe3+ 28. Rf2 Qe5 29. Qc2 Nd6 30. Qc7+ Ke6 31. Bxa6 Qd4 32. g3 Ra8 33. Bb5
Ra7 34. Qc6 h5 35. a4 Ke5 36. Kf1 Re7 37. Qc1 Ne4 38. Qf4+ Ke6 39. Qf5+ Kd6 40.
Re2 h4 41. Qf4+ Re5 42. Kg2 hxg3 43. hxg3 Qc3 44. g4 Ke7 45. Re3 Qd2+ 46. Be2
Qa2 47. Qh6 Qxa4 48. Qg7+ Kd8 49. Qb7 Qd7 50. Qb8+ Qc8 51. Qb4 Rg5 52. Rxe4
dxe4 53. Qf8+ Kc7 54. Qxf6 Rxg4+ 55. Bxg4 Qxg4+ 56. Kf2 Qf3+ 57. Qxf3 exf3
1/2-1/2

[Event "119th Scottish Championship"]
[Site "Glasgow"]
[Date "2012.07.14"]
[Round "9"]
[White "Rysbayeva, Aigerim"]
[Black "Hilton, Stephen H"]
[Result "1-0"]
[WhiteElo "2175"]
[BlackElo "1918"]
[PlyCount "79"]
[EventDate "2012.07.07"]
[EventType "swiss"]
[EventRounds "9"]
[EventCountry "SCO"]
[Source "Chess Scotland"]
[SourceDate "2012.07.24"]

1. e4 c5 2. Nf3 d6 3. d4 cxd4 4. Nxd4 Nf6 5. Nc3 a6 6. Be3 e5 7. Nf3 Be7 8. Bc4
h6 9. O-O O-O 10. Qe2 Qc7 11. Rfd1 b5 12. Bb3 Bb7 13. Nd5 Nxd5 14. Bxd5 Bxd5
15. Rxd5 Rc8 16. c3 Nd7 17. Nd2 Nf6 18. Rd3 Qd7 19. Qf3 Qg4 20. Qxg4 Nxg4 21.
Nf1 a5 22. f3 Nf6 23. a4 Rcb8 24. Bc1 b4 25. cxb4 Rxb4 26. b3 Rab8 27. Nd2 Rd4
28. Rxd4 exd4 29. Bb2 Rb4 30. Ba3 Rb7 31. Nc4 Rxb3 32. Nxa5 Rc3 33. Bb2 Rd3 34.
Nc6 Kf8 35. Bxd4 Ke8 36. a5 Kd7 37. a6 Ne8 38. a7 Nc7 39. Nxe7 Kxe7 40. Bxg7
1-0

[Event "119th Scottish Championship"]
[Site "Glasgow"]
[Date "2012.07.14"]
[Round "9"]
[White "Spencer, Edwin A"]
[Black "Quinn, David"]
[Result "0-1"]
[WhiteElo "2145"]
[BlackElo "1969"]
[PlyCount "34"]
[EventDate "2012.07.07"]
[EventType "swiss"]
[EventRounds "9"]
[EventCountry "SCO"]
[Source "Chess Scotland"]
[SourceDate "2012.07.24"]

1. e4 e5 2. Nc3 Nf6 3. f4 d5 4. exd5 exf4 5. Bb5+ Nbd7 6. Nf3 Bd6 7. O-O O-O 8.
d4 Nb6 9. Ne5 Bxe5 10. dxe5 Bg4 11. Qd4 Nfxd5 12. Bxf4 Nxf4 13. Qxf4 Bh5 14.
Ne4 Nd5 15. Qg3 Bg6 16. Rae1 Qe7 17. Rf2 Qb4 0-1

[Event "119th Scottish Championship"]
[Site "Glasgow"]
[Date "2012.07.14"]
[Round "9"]
[White "Herbold, Manfred"]
[Black "Dawson, Alastair"]
[Result "1-0"]
[WhiteElo "2143"]
[BlackElo "1891"]
[PlyCount "61"]
[EventDate "2012.07.07"]
[EventType "swiss"]
[EventRounds "9"]
[EventCountry "SCO"]
[Source "Chess Scotland"]
[SourceDate "2012.07.24"]

1. e4 e6 2. d4 d5 3. Nc3 dxe4 4. Nxe4 Bd7 5. Nf3 Bc6 6. Bd3 Nd7 7. O-O Ngf6 8.
Neg5 Be7 9. Nxf7 Kxf7 10. Ng5+ Kg8 11. Nxe6 Qc8 12. Re1 Nf8 13. Nxg7 Bb4 14.
Nf5 Ng6 15. c3 Bd6 16. Bg5 Kf7 17. Qb3+ Bd5 18. c4 Be6 19. Nh6+ Kg7 20. d5 Bd7
21. Qc3 Rf8 22. Re4 Ne7 23. Rae1 Nf5 24. Ng4 Qd8 25. Nxf6 Rxf6 26. Re6 Bxe6 27.
Rxe6 Be7 28. Bxf5 Kf7 29. Qh3 Qh8 30. Qh5+ Kg7 31. Rxe7+ 1-0

[Event "119th Scottish Championship"]
[Site "Glasgow"]
[Date "2012.07.14"]
[Round "9"]
[White "James, Chris"]
[Black "O'Molloy, Eamonn"]
[Result "1/2-1/2"]
[WhiteElo "2028"]
[BlackElo "1904"]
[PlyCount "62"]
[EventDate "2012.07.07"]
[EventType "swiss"]
[EventRounds "9"]
[EventCountry "SCO"]
[Source "Chess Scotland"]
[SourceDate "2012.07.24"]

1. e4 c6 2. d4 d5 3. f3 dxe4 4. fxe4 e5 5. Nf3 Bg4 6. Bc4 Nd7 7. O-O Ngf6 8. c3
Bh5 9. Bg5 Bd6 10. Nbd2 O-O 11. Qe1 Re8 12. Kh1 Qc7 13. Qh4 Bg6 14. Rae1 b5 15.
Bd3 a6 16. h3 exd4 17. e5 Bxd3 18. exf6 Rxe1 19. Rxe1 Bg3 20. Qxd4 Bxe1 21.
Qxd3 Ne5 22. Nxe5 Bxd2 23. Qg3 Qd6 24. Bxd2 Qxf6 25. Be3 Rc8 26. Kh2 Qe7 27.
Bd4 f6 28. Nd3 c5 29. Nxc5 Rxc5 30. Qb8+ Kf7 31. Bxc5 Qxc5 1/2-1/2

[Event "119th Scottish Championship"]
[Site "Glasgow"]
[Date "2012.07.14"]
[Round "9"]
[White "Isherwood, Paul"]
[Black "Durno, Joy"]
[Result "1-0"]
[WhiteElo "2024"]
[BlackElo "1729"]
[PlyCount "43"]
[EventDate "2012.07.07"]
[EventType "swiss"]
[EventRounds "9"]
[EventCountry "SCO"]
[Source "Chess Scotland"]
[SourceDate "2012.07.24"]

1. e4 c5 2. Nf3 e6 3. c3 Nf6 4. e5 Nd5 5. d4 cxd4 6. Bc4 Nb6 7. Bb3 dxc3 8.
Nxc3 d5 9. exd6 Bxd6 10. O-O Nc6 11. Qe2 a6 12. Rd1 Qc7 13. Be3 Be7 14. g3 f6
15. Bxe6 Ne5 16. Bxc8 Nxf3+ 17. Qxf3 Nxc8 18. Nd5 Qa5 19. Nxe7 Nxe7 20. Qxb7
Kf7 21. Rd7 Rhe8 22. Rxe7+ 1-0

[Event "119th Scottish Championship"]
[Site "Glasgow"]
[Date "2012.07.14"]
[Round "9"]
[White "Karlsson, Mikael"]
[Black "Burnett, Walter"]
[Result "1-0"]
[WhiteElo "1929"]
[BlackElo "2015"]
[PlyCount "111"]
[EventDate "2012.07.07"]
[EventType "swiss"]
[EventRounds "9"]
[EventCountry "SCO"]
[Source "Chess Scotland"]
[SourceDate "2012.07.24"]

1. c4 g6 2. g3 Bg7 3. Bg2 f5 4. d4 Nf6 5. Nc3 O-O 6. Nf3 d6 7. O-O Qe8 8. b3 c6
9. Bb2 e5 10. d5 c5 11. Nb5 e4 12. Ng5 Qe7 13. h4 a6 14. Nc3 e3 15. f4 h6 16.
Ne6 Rf7 17. Nxg7 Rxg7 18. Qd3 Ng4 19. Nd1 Rh7 20. Bh3 Qe8 21. Bxg4 fxg4 22.
Qxe3 Qxe3+ 23. Nxe3 Re7 24. Kf2 b5 25. Rfe1 Bd7 26. Rac1 Re4 27. h5 g5 28. fxg5
Nc6 29. dxc6 Rf8+ 30. Kg1 Bxc6 31. Nd5 Bxd5 32. cxd5 Rf5 33. gxh6 Rxh5 34. Bg7
Rxd5 35. Rc2 b4 36. Rf1 Re3 37. Kg2 Rh5 38. Rf4 Rg5 39. Kf2 Re6 40. e4 Rh5 41.
Kg2 Rg5 42. Rc1 Re8 43. Rcf1 d5 44. exd5 Rxd5 45. Rxg4 Re2+ 46. Kg1 Kh7 47. Rf2
Rdd2 48. Rxe2 Rxe2 49. Rc4 Rxa2 50. Rxc5 Ra3 51. g4 Rxb3 52. g5 Rg3+ 53. Kf2
Rg4 54. Bf6 b3 55. Rc7+ Kg6 56. h7 1-0